[Event "Titled Tuesday intern op 15th Aug Late"]
[Site "Chess.com INT"]
[Date "2023.08.15"]
[Round "10"]
[White "De Souza, Cristiano Gomes"]
[Black "Beulen, Marcel"]
[Result "0-1"]
[WhiteElo "2018"]
[BlackElo "2359"]
[PlyCount "92"]
[EventDate "2023.08.15"]
[EventType "swiss (blitz)"]
[EventRounds "11"]
[EventCountry "USA"]
[SourceTitle "EXT 2024"]
[Source "ChessBase"]
[SourceDate "2023.10.10"]
[SourceVersion "1"]
[SourceVersionDate "2023.10.10"]
[SourceQuality "1"]

1. d4 d5 2. c4 c6 3. Nf3 Nf6 4. Nc3 dxc4 5. a4 Bf5 6. e3 e6 7. Bxc4 Bb4 8. 0-0 Nbd7 9. Qe2 Bg6 10. Bd3 0-0 11. Bd2 a5 12. Rfc1 Re8 13. Bxg6 hxg6 14. Ne1 e5 15. dxe5 Nxe5 16. h3 Qe7 17. Nd3 Nxd3 18. Qxd3 Rad8 19. Qe2 Qe6 20. Be1 Rd7 21. Rd1 Red8 22. Kf1 Qb3 23. Rxd7 Rxd7 24. Rd1 Rxd1 25. Qxd1 Qxb2 26. Ne2 Bxe1 27. Kxe1 Qb4+ 28. Kf1 Nd5 29. Kg1 Qc4 30. Ng3 b5 31. axb5 cxb5 32. e4 Nf6 33. Qd8+ Kh7 34. Qxa5 b4 35. e5 Nd5 36. f3 Qd4+ 37. Kf1 Qxe5 38. Ne4 f6 39. Qa7 b3 40. Qb7 b2 41. Kg1 Qd4+ 42. Kh2 g5 43. Qb5 Kg6 44. Ng3 Qe5 45. Qb3 Nf4 46. Qc2+ Kf7 0-1

[Event "Titled Tuesday intern op 08th Aug Late"]
[Site "Chess.com INT"]
[Date "2023.08.08"]
[Round "2"]
[White "Rosen, Eric S"]
[Black "Beulen, Marcel"]
[Result "1-0"]
[WhiteElo "2341"]
[BlackElo "2359"]
[PlyCount "87"]
[EventDate "2023.08.08"]
[EventType "swiss (blitz)"]
[EventRounds "11"]
[EventCountry "USA"]
[SourceTitle "EXT 2024"]
[Source "ChessBase"]
[SourceDate "2023.10.10"]
[SourceVersion "1"]
[SourceVersionDate "2023.10.10"]
[SourceQuality "1"]

1. d4 d5 2. Bf4 Nf6 3. e3 c6 4. Nf3 Bg4 5. Nbd2 Nbd7 6. c4 e6 7. Qb3 Qc8 8. h3 Bxf3 9. Nxf3 Be7 10. Rc1 0-0 11. Be2 Ne4 12. 0-0 Bd6 13. Bxd6 Nxd6 14. Nd2 Nf6 15. Bd3 Qd7 16. Rfd1 Rfd8 17. Qa3 dxc4 18. Nxc4 Nxc4 19. Bxc4 a6 20. Qa5 Rac8 21. Be2 Qc7 22. Qa4 e5 23. dxe5 Qxe5 24. Qb3 Qe7 25. Bc4 Ne4 26. Qc2 h6 27. Bd3 Nf6 28. b4 Rd6 29. Bc4 Rcd8 30. Rxd6 Qxd6 31. a3 Qd2 32. Qb1 Kf8 33. Bb3 Qd3 34. Qa2 Qd7 35. Rd1 Qe7 36. Rxd8+ Qxd8 37. Bxf7 Ne4 38. Bb3 Qf6 39. Qc2 Qa1+ 40. Kh2 Qxa3 41. Qc4 Nd6 42. Qg8+ Ke7 43. Qe6+ Kf8 44. Qxd6+ 1-0

[Event "Titled Tuesday intern op 21st Mar Late"]
[Site "Chess.com INT"]
[Date "2023.03.21"]
[Round "5"]
[White "Beulen, Marcel"]
[Black "Cueto, Jose"]
[Result "1-0"]
[WhiteElo "2359"]
[BlackElo "2116"]
[PlyCount "61"]
[EventDate "2023.03.21"]
[EventType "swiss (blitz)"]
[EventRounds "11"]
[EventCountry "USA"]
[SourceTitle "EXT 2024"]
[Source "ChessBase"]
[SourceDate "2023.10.10"]
[SourceVersion "1"]
[SourceVersionDate "2023.10.10"]
[SourceQuality "1"]

1. e4 e6 2. d4 d5 3. exd5 exd5 4. Nf3 Bd6 5. c4 Bg4 6. Be2 Nf6 7. Qb3 Nbd7 8. c5 Be7 9. Qxb7 0-0 10. 0-0 a5 11. Nc3 Rb8 12. Qa6 Bxf3 13. Bxf3 Rb4 14. Be3 c6 15. Qe2 Qb8 16. b3 Re8 17. Qc2 Qb7 18. Rad1 Bd8 19. Rfe1 Nb8 20. h3 Bc7 21. Qd3 Na6 22. Bg5 Ne4 23. Nxe4 dxe4 24. Bxe4 f6 25. Bxh7+ Kf8 26. Rxe8+ Kxe8 27. Bg6+ Kf8 28. Be3 a4 29. bxa4 Rxa4 30. Qe4 Qa8 31. Qe6 1-0

[Event "Titled Tuesday intern op 21st Mar Late"]
[Site "Chess.com INT"]
[Date "2023.03.21"]
[Round "9"]
[White "Hajiyev, Kanan"]
[Black "Beulen, Marcel"]
[Result "1-0"]
[WhiteElo "2183"]
[BlackElo "2359"]
[PlyCount "79"]
[EventDate "2023.03.21"]
[EventType "swiss (blitz)"]
[EventRounds "11"]
[EventCountry "USA"]
[SourceTitle "EXT 2024"]
[Source "ChessBase"]
[SourceDate "2023.10.10"]
[SourceVersion "1"]
[SourceVersionDate "2023.10.10"]
[SourceQuality "1"]

1. d4 d5 2. Nf3 Nf6 3. c4 c6 4. cxd5 cxd5 5. Nc3 Nc6 6. Bg5 Ne4 7. Bf4 Nxc3 8. bxc3 g6 9. e3 Bg7 10. Bd3 0-0 11. 0-0 b6 12. e4 dxe4 13. Bxe4 Bb7 14. Qe2 Rc8 15. Rfe1 e6 16. Bg5 Qd7 17. Rad1 Rfe8 18. h4 f6 19. Bf4 Na5 20. Bxb7 Qxb7 21. Bd2 Nc4 22. h5 Qd5 23. hxg6 hxg6 24. Qd3 Qf5 25. Qe2 Kf7 26. g3 Qd5 27. Bf4 g5 28. Bc1 Rc6 29. Nxg5+ fxg5 30. Qh5+ Kf8 31. Bxg5 Qf5 32. g4 Qf7 33. Qh4 Nd6 34. Re3 Kg8 35. Kg2 Qg6 36. Rh1 Nf7 37. Bf4 e5 38. dxe5 Rce6 39. Bg3 Rxe5 40. Rf3 1-0

[Event "Titled Tuesday intern op 21st Mar Late"]
[Site "Chess.com INT"]
[Date "2023.03.21"]
[Round "8"]
[White "Papayan, Oleg"]
[Black "Beulen, Marcel"]
[Result "1-0"]
[WhiteElo "2253"]
[BlackElo "2359"]
[PlyCount "35"]
[EventDate "2023.03.21"]
[EventType "swiss (blitz)"]
[EventRounds "11"]
[EventCountry "USA"]
[SourceTitle "EXT 2024"]
[Source "ChessBase"]
[SourceDate "2023.10.10"]
[SourceVersion "1"]
[SourceVersionDate "2023.10.10"]
[SourceQuality "1"]

1. e4 d5 2. exd5 Qxd5 3. Nc3 Qa5 4. d4 Nf6 5. Nf3 Bf5 6. Bd2 c6 7. Ne5 Nbd7 8. Nc4 Qc7 9. Ne3 Bg6 10. Bc4 e6 11. Qe2 0-0-0 12. a4 Bd6 13. a5 Rhe8 14. a6 b6 15. 0-0-0 b5 16. Bxb5 cxb5 17. Nxb5 Qc6 18. Nxa7+ 1-0

[Event "Titled Tuesday intern op 14th Jun Late"]
[Site "Chess.com INT"]
[Date "2022.06.14"]
[Round "7"]
[White "Souleidis, Georgios"]
[Black "Beulen, Marcel"]
[Result "0-1"]
[WhiteElo "2428"]
[BlackElo "2359"]
[PlyCount "32"]
[EventDate "2022.06.14"]
[EventType "swiss (blitz)"]
[EventRounds "11"]
[EventCountry "USA"]
[SourceTitle "EXT 2023"]
[Source "ChessBase"]
[SourceDate "2022.10.05"]
[SourceVersion "1"]
[SourceVersionDate "2022.10.05"]
[SourceQuality "1"]

1. e4 d5 2. exd5 Qxd5 3. Nc3 Qa5 4. d4 Nf6 5. Bd2 Bg4 6. f3 Bd7 7. f4 Bg4 8. Nf3 e6 9. Bc4 Qb6 10. h3 Bxf3 11. Qxf3 Nc6 12. Be3 Qxb2 13. Nb5 Qxa1+ 14. Kf2 Qxh1 15. Nxc7+ Kd7 16. Nxa8 Bd6 0-1

[Event "Titled Tuesday intern op 07th Jun Late"]
[Site "Chess.com INT"]
[Date "2022.06.07"]
[Round "2"]
[White "Barria Zuniga, Daniel"]
[Black "Beulen, Marcel"]
[Result "1-0"]
[WhiteElo "2341"]
[BlackElo "2359"]
[PlyCount "73"]
[EventDate "2022.06.07"]
[EventType "swiss (blitz)"]
[EventRounds "11"]
[EventCountry "USA"]
[SourceTitle "CBM 208 Extra"]
[Source "ChessBase"]
[SourceDate "2022.07.31"]
[SourceVersion "1"]
[SourceVersionDate "2022.07.31"]
[SourceQuality "1"]

1. d4 d5 2. c4 c6 3. Nf3 Nf6 4. Nc3 dxc4 5. a4 Bf5 6. e3 e6 7. Bxc4 Bb4 8. 0-0 Nbd7 9. Nh4 Bg4 10. f3 Bh5 11. g4 Bg6 12. f4 Nd5 13. Ng2 Nxc3 14. bxc3 Bxc3 15. Ra3 Bb4 16. Rb3 a5 17. f5 exf5 18. gxf5 0-0 19. fxg6 hxg6 20. e4 Nb6 21. Be2 Nxa4 22. Be3 Nc3 23. Qc2 Qe7 24. e5 Nxe2+ 25. Qxe2 a4 26. Rbb1 c5 27. Nf4 cxd4 28. Bxd4 Bc5 29. Qe3 Bxd4 30. Qxd4 a3 31. Nd5 Qg5+ 32. Kh1 Ra5 33. Rbd1 a2 34. Qa1 Qg4 35. Rd4 Qe2 36. Ne7+ Kh7 37. Rh4+ 1-0

[Event "Titled Tuesday intern op 07th Jun Late"]
[Site "Chess.com INT"]
[Date "2022.06.07"]
[Round "4"]
[White "Beulen, Marcel"]
[Black "Goltseva, Ekaterina"]
[Result "0-1"]
[WhiteElo "2359"]
[BlackElo "2284"]
[PlyCount "76"]
[EventDate "2022.06.07"]
[EventType "swiss (blitz)"]
[EventRounds "11"]
[EventCountry "USA"]
[SourceTitle "CBM 208 Extra"]
[Source "ChessBase"]
[SourceDate "2022.07.31"]
[SourceVersion "1"]
[SourceVersionDate "2022.07.31"]
[SourceQuality "1"]

1. e4 Nc6 2. Nf3 e5 3. Bc4 Nf6 4. d3 h6 5. c3 g5 6. Bb3 Bg7 7. Nbd2 g4 8. Ng1 d5 9. Ne2 h5 10. Ng3 h4 11. Nf5 Bxf5 12. exf5 Qd7 13. Qe2 Qxf5 14. Nf1 0-0-0 15. Bd2 Rhe8 16. 0-0-0 e4 17. Ne3 Qd7 18. d4 Na5 19. Bc2 Kb8 20. h3 Bh6 21. hxg4 Bxe3 22. Bxe3 Nxg4 23. Rxh4 Nxe3 24. Qxe3 Nc4 25. Qg5 Rg8 26. Qf6 Rxg2 27. Rf4 Rf8 28. Bb3 Na5 29. Rh1 Nxb3+ 30. axb3 a5 31. Rh8 Rxh8 32. Qxh8+ Ka7 33. Qf8 Rg1+ 34. Kc2 Qh3 35. Qc5+ Ka6 36. b4 Qd3+ 37. Kb3 a4+ 38. Ka3 Ra1# 0-1

[Event "Titled Tuesday intern op 07th Jun Late"]
[Site "Chess.com INT"]
[Date "2022.06.07"]
[Round "11"]
[White "Mangialardo, Tiago Carvalho"]
[Black "Beulen, Marcel"]
[Result "0-1"]
[WhiteElo "1965"]
[BlackElo "2359"]
[PlyCount "60"]
[EventDate "2022.06.07"]
[EventType "swiss (blitz)"]
[EventRounds "11"]
[EventCountry "USA"]
[SourceTitle "CBM 208 Extra"]
[Source "ChessBase"]
[SourceDate "2022.07.31"]
[SourceVersion "1"]
[SourceVersionDate "2022.07.31"]
[SourceQuality "1"]

1. e4 d5 2. exd5 Qxd5 3. Nc3 Qa5 4. Bc4 Nf6 5. Nge2 c5 6. 0-0 Nc6 7. d3 e6 8. Ng3 Be7 9. f4 Nd4 10. f5 exf5 11. Re1 Qd8 12. Bf4 0-0 13. a4 a6 14. Qd2 Bd7 15. Rf1 g6 16. Be5 Rc8 17. Qh6 Nc6 18. Bf4 Ng4 19. Qh3 Bf6 20. Nge2 Nd4 21. Qg3 Bg7 22. h3 Nf6 23. Rac1 Bc6 24. Kh1 b5 25. axb5 axb5 26. Ba2 Nh5 27. Qh2 b4 28. Nxd4 Qxd4 29. Ne2 Qd7 30. Bd6 Rfe8 0-1

[Event "Titled Tuesday intern op 31st May Late"]
[Site "Chess.com INT"]
[Date "2022.05.31"]
[Round "9"]
[White "Beulen, Marcel"]
[Black "Mickiewicz, Piotr"]
[Result "1/2-1/2"]
[WhiteElo "2359"]
[BlackElo "2302"]
[PlyCount "157"]
[EventDate "2022.05.31"]
[EventType "swiss (blitz)"]
[EventRounds "11"]
[EventCountry "USA"]
[SourceTitle "CBM 208 Extra"]
[Source "ChessBase"]
[SourceDate "2022.07.31"]
[SourceVersion "1"]
[SourceVersionDate "2022.07.31"]
[SourceQuality "1"]

1. e4 c5 2. Nf3 d6 3. Bc4 Nf6 4. d3 e6 5. 0-0 Be7 6. c3 0-0 7. Bb3 Nc6 8. Nbd2 a6 9. Re1 b5 10. d4 Bb7 11. Qe2 c4 12. Bc2 e5 13. d5 Nb8 14. b3 cxb3 15. axb3 Nbd7 16. b4 Qc7 17. Bb2 Nb6 18. Bb3 Nh5 19. Qe3 Nf4 20. g3 Nh3+ 21. Kg2 Bc8 22. Bc2 h5 23. Bd3 g6 24. Rac1 Kg7 25. c4 bxc4 26. Nxc4 Nxc4 27. Rxc4 Qb8 28. Rec1 Bg4 29. R1c2 Ra7 30. Bc3 Rc8 31. Be1 Rxc4 32. Rxc4 Qd8 33. Rc6 Ra8 34. Qb6 Bxf3+ 35. Kxf3 Qd7 36. Kg2 Ng5 37. Qe3 Qh3+ 38. Kg1 h4 39. Bf1 Qd7 40. f4 Nh3+ 41. Bxh3 Qxh3 42. fxe5 dxe5 43. Qf3 Ra7 44. d6 Bg5 45. Rc7 Rxc7 46. dxc7 Qd7 47. Qc3 Qc8 48. Bf2 hxg3 49. hxg3 Be7 50. Qc4 Bxb4 51. Qxb4 Qxc7 52. Qa4 Qb7 53. Kg2 f5 54. Kf3 Kh6 55. Be3+ Kh5 56. Ke2 Qxe4 57. Qxe4 fxe4 58. Bb6 Kg4 59. Kf2 g5 60. Kg2 e3 61. Bxe3 a5 62. Bc1 a4 63. Ba3 e4 64. Bc1 Kf5 65. Kf2 Kg4 66. Kg2 Kf5 67. Kg1 Ke5 68. Kf2 Kd4 69. Bxg5 a3 70. Ke2 a2 71. Bf6+ Kd5 72. Ke3 Ke6 73. Ba1 Kf5 74. Bb2 Kg4 75. Kxe4 Kxg3 76. Kd3 Kf2 77. Kc2 Ke1 78. Kb3 a1Q 79. Bxa1 1/2-1/2

[Event "Titled Tuesday intern op 31st May Late"]
[Site "Chess.com INT"]
[Date "2022.05.31"]
[Round "4"]
[White "De Souza, Cristiano Gomes"]
[Black "Beulen, Marcel"]
[Result "0-1"]
[WhiteElo "2018"]
[BlackElo "2359"]
[PlyCount "120"]
[EventDate "2022.05.31"]
[EventType "swiss (blitz)"]
[EventRounds "11"]
[EventCountry "USA"]
[SourceTitle "CBM 208 Extra"]
[Source "ChessBase"]
[SourceDate "2022.07.31"]
[SourceVersion "1"]
[SourceVersionDate "2022.07.31"]
[SourceQuality "1"]

1. d4 d5 2. c4 c6 3. Nf3 Nf6 4. Nc3 dxc4 5. a4 Bf5 6. e3 e6 7. Bxc4 Bb4 8. 0-0 Nbd7 9. Bd3 Bg6 10. Qe2 0-0 11. e4 Bh5 12. e5 Nd5 13. Nxd5 cxd5 14. h3 Re8 15. g4 Bg6 16. Bd2 Be7 17. Rfc1 Rc8 18. Rxc8 Qxc8 19. Rc1 Qb8 20. b4 Rc8 21. Bxg6 hxg6 22. Qd3 Rxc1+ 23. Bxc1 Qc7 24. Bd2 a6 25. Ne1 Nb6 26. a5 Nc4 27. Bc3 Qc6 28. Nc2 Qa4 29. Kg2 Qb3 30. Kf3 g5 31. Ke2 g6 32. Be1 Qb1 33. Ne3 Qa2+ 34. Qc2 Qxc2+ 35. Nxc2 Kf8 36. Kd3 Ke8 37. Ne3 Na3 38. Nc2 Nc4 39. Ne3 Na3 40. Nc2 Nb5 41. Bd2 Kd7 42. f4 gxf4 43. Bxf4 g5 44. Bd2 Kc6 45. Ne1 Na3 46. Nc2 Nb5 47. Ne3 Na3 48. Nc2 Nb1 49. Ne3 Kb5 50. Kc2 Nxd2 51. Kxd2 Bxb4+ 52. Ke2 Bxa5 53. h4 gxh4 54. Ng2 Bd8 55. Kf3 a5 56. Nf4 a4 57. Nd3 a3 58. Nc1 Kc4 59. Ke3 Kc3 60. Na2+ Kb2 0-1

[Event "Titled Tuesday intern op 31st May Late"]
[Site "Chess.com INT"]
[Date "2022.05.31"]
[Round "10"]
[White "Florescu, Codrut Constantin"]
[Black "Beulen, Marcel"]
[Result "0-1"]
[WhiteElo "2257"]
[BlackElo "2359"]
[PlyCount "110"]
[EventDate "2022.05.31"]
[EventType "swiss (blitz)"]
[EventRounds "11"]
[EventCountry "USA"]
[SourceTitle "CBM 208 Extra"]
[Source "ChessBase"]
[SourceDate "2022.07.31"]
[SourceVersion "1"]
[SourceVersionDate "2022.07.31"]
[SourceQuality "1"]

1. d4 d5 2. Nf3 Nf6 3. c3 Bf5 4. Bf4 e6 5. e3 Nbd7 6. h3 c6 7. c4 Bxb1 8. Qxb1 Bb4+ 9. Kd1 0-0 10. Bd3 dxc4 11. Bxc4 c5 12. a3 cxd4 13. axb4 dxe3 14. Ke2 exf2 15. Kxf2 Qb6+ 16. Be3 Qxb4 17. Bd3 e5 18. Bf5 Rfe8 19. Rd1 e4 20. Bxd7 Nxd7 21. Rd4 Qe7 22. Nd2 f5 23. Kg1 Ne5 24. Qf1 Qe6 25. Nc4 Nd3 26. Nd6 Rf8 27. Bf4 Rad8 28. Rxd3 exd3 29. Qxd3 g5 30. Bh2 f4 31. Rd1 Rf6 32. h4 Rxd6 33. Qc2 g4 34. Kh1 Rxd1+ 35. Qxd1 f3 36. gxf3 gxf3 37. Qg1+ Rg6 38. Qd4 Qe1+ 39. Bg1 f2 40. Qxf2 Qxf2 41. Bxf2 Rg4 42. Kh2 Rb4 43. Kg3 a6 44. Ba7 Kf7 45. Bc5 Rxb2 46. Bd4 Rb3+ 47. Kf4 b6 48. Kf5 a5 49. Be5 a4 50. h5 a3 51. h6 a2 52. Ke4 Rh3 53. Bf4 Rh5 54. Kf3 Kg6 55. Kg4 Rxh6 0-1

[Event "Titled Tuesday intern op 31st May Late"]
[Site "Chess.com INT"]
[Date "2022.05.31"]
[Round "2"]
[White "Halkias, Stelios"]
[Black "Beulen, Marcel"]
[Result "1-0"]
[WhiteElo "2512"]
[BlackElo "2359"]
[PlyCount "109"]
[EventDate "2022.05.31"]
[EventType "swiss (blitz)"]
[EventRounds "11"]
[EventCountry "USA"]
[SourceTitle "CBM 208 Extra"]
[Source "ChessBase"]
[SourceDate "2022.07.31"]
[SourceVersion "1"]
[SourceVersionDate "2022.07.31"]
[SourceQuality "1"]

1. e4 d5 2. exd5 Qxd5 3. Nc3 Qa5 4. d4 Nf6 5. Bc4 Bg4 6. f3 Bf5 7. Nge2 e6 8. Bd2 c6 9. Ng3 Bg6 10. Nd5 Qd8 11. Nxf6+ gxf6 12. Be3 Nd7 13. 0-0 Bd6 14. Bb3 Qc7 15. Bf2 h5 16. Re1 0-0-0 17. Qe2 h4 18. Nf1 h3 19. g3 Kb8 20. Ne3 Nb6 21. a4 f5 22. a5 Nd5 23. Nc4 Be7 24. Ne5 Bh5 25. c4 Nf6 26. Be3 c5 27. Bf4 Bd6 28. Rec1 Nd7 29. Nd3 cxd4 30. Bxd6 Qxd6 31. c5 Qc6 32. Ba4 Qxf3 33. Qxf3 Bxf3 34. Bxd7 Rxd7 35. Ne5 Bc6 36. Nxd7+ Bxd7 37. a6 e5 38. axb7 Bc6 39. b4 Kxb7 40. b5 Bxb5 41. c6+ Bxc6 42. Rab1+ Kc7 43. Rc5 Re8 44. Ra5 Kd6 45. Rxa7 Re7 46. Ra5 d3 47. Rc1 e4 48. Ra6 Rc7 49. Kf2 Kd5 50. Ke3 f6 51. Ra5+ Kd6 52. Rxf5 Bd7 53. Rxf6+ Ke7 54. Rxc7 Kxf6 55. Rxd7 1-0

[Event "Titled Tuesday intern op 08th Feb Late"]
[Site "Chess.com INT"]
[Date "2022.02.08"]
[Round "9"]
[White "Beulen, Marcel"]
[Black "Milosevic, Milos"]
[Result "0-1"]
[WhiteElo "2359"]
[BlackElo "2296"]
[PlyCount "90"]
[EventDate "2022.02.08"]
[EventType "swiss (blitz)"]
[EventRounds "11"]
[EventCountry "USA"]
[SourceTitle "CBM 206 Extra"]
[Source "ChessBase"]
[SourceDate "2022.03.31"]
[SourceVersion "1"]
[SourceVersionDate "2022.03.31"]
[SourceQuality "1"]

1. e4 a6 2. d4 c5 3. c3 e6 4. Nf3 d5 5. exd5 Qxd5 6. Be3 cxd4 7. Qxd4 Nf6 8. Nbd2 Nc6 9. Qxd5 Nxd5 10. Bg5 f6 11. Bh4 h5 12. h3 e5 13. 0-0-0 Be6 14. Ne4 0-0-0 15. Bc4 Be7 16. Bg3 g5 17. Rhe1 Nf4 18. Bxe6+ Nxe6 19. Rxd8+ Rxd8 20. Rd1 Rxd1+ 21. Kxd1 h4 22. Bh2 Nc5 23. Nxc5 Bxc5 24. Ke2 Kd7 25. g3 hxg3 26. Bxg3 e4 27. Nd2 f5 28. f3 e3 29. Nb3 Bb6 30. f4 g4 31. hxg4 fxg4 32. f5 Ne7 33. f6 Nf5 34. Bf4 g3 35. Kf3 e2 36. Kxe2 g2 37. Bh2 g1Q 38. Bxg1 Bxg1 39. Nd2 Ke6 40. Kd3 Kxf6 41. Kc4 Ne3+ 42. Kb4 Nd1 43. b3 Ke5 44. c4 Bf2 45. a4 Be1 0-1

[Event "Titled Tuesday intern op 08th Feb Late"]
[Site "Chess.com INT"]
[Date "2022.02.08"]
[Round "5"]
[White "Gurevich, Dmitry"]
[Black "Beulen, Marcel"]
[Result "1-0"]
[WhiteElo "2363"]
[BlackElo "2359"]
[PlyCount "133"]
[EventDate "2022.02.08"]
[EventType "swiss (blitz)"]
[EventRounds "11"]
[EventCountry "USA"]
[SourceTitle "CBM 206 Extra"]
[Source "ChessBase"]
[SourceDate "2022.03.31"]
[SourceVersion "1"]
[SourceVersionDate "2022.03.31"]
[SourceQuality "1"]

1. d4 d5 2. c4 c6 3. Nf3 Nf6 4. Nc3 dxc4 5. a4 Bf5 6. e3 e6 7. Bxc4 Bb4 8. 0-0 Nbd7 9. Qe2 Bg6 10. Bd2 0-0 11. Rfc1 a5 12. h3 h6 13. Bd3 Bxd3 14. Qxd3 Qe7 15. e4 e5 16. Nxe5 Nxe5 17. dxe5 Qxe5 18. f4 Qc5+ 19. Be3 Rfd8 20. Qxd8+ Rxd8 21. Bxc5 Bxc5+ 22. Kh2 Be3 23. Rd1 Bxf4+ 24. g3 Rxd1 25. Rxd1 Be5 26. Kg2 Bxc3 27. bxc3 Nxe4 28. Rd8+ Kh7 29. Ra8 Nxc3 30. Rxa5 b5 31. axb5 cxb5 32. Ra7 f6 33. Rc7 b4 34. Rc4 Nd5 35. Rd4 Ne7 36. Rxb4 Nc6 37. Rb6 Ne5 38. Ra6 h5 39. Kf2 Kg6 40. Ke3 Kf5 41. Ra7 g6 42. Ra5 g5 43. Ra8 Ng6 44. Ra5+ Ne5 45. Kd4 h4 46. gxh4 gxh4 47. Ke3 Kg5 48. Ke4 Kg6 49. Kf4 Nf7 50. Kg4 Ng5 51. Kxh4 Nf7 52. Kg4 Ng5 53. h4 Nf7 54. h5+ Kh6 55. Rf5 Kg7 56. Rf1 Ne5+ 57. Kf5 Nf7 58. Rg1+ Ng5 59. Kg4 Kh6 60. Rf1 Kg7 61. Ra1 Nf7 62. Ra7 Kf8 63. Kf5 Nd6+ 64. Kxf6 Ne8+ 65. Kg6 Kg8 66. Ra8 Kf8 67. Rxe8+ 1-0

[Event "Titled Tuesday intern op 23rd Nov"]
[Site "Chess.com INT"]
[Date "2021.11.23"]
[Round "11"]
[White "Beulen, Marcel"]
[Black "Jarocka, Liwia"]
[Result "0-1"]
[WhiteElo "2359"]
[BlackElo "2006"]
[PlyCount "56"]
[EventDate "2021.11.23"]
[EventType "swiss (blitz)"]
[EventRounds "11"]
[EventCountry "USA"]
[SourceTitle "CBM 205 Extra"]
[Source "ChessBase"]
[SourceDate "2022.01.31"]
[SourceVersion "1"]
[SourceVersionDate "2022.01.31"]
[SourceQuality "1"]

1. e4 c5 2. Nf3 Nc6 3. Bb5 g6 4. 0-0 Bg7 5. c3 d6 6. Re1 Bd7 7. d4 cxd4 8. cxd4 Nf6 9. e5 dxe5 10. dxe5 Ng4 11. Bxc6 Bxc6 12. Nbd2 0-0 13. Qe2 h5 14. h3 Nh6 15. e6 f6 16. Nb3 Nf5 17. Be3 Nxe3 18. Qxe3 Qb6 19. Nfd4 Rad8 20. Rad1 Kh7 21. Qf4 Rd5 22. Rd3 Rfd8 23. Red1 f5 24. Qe3 Ba4 25. R1d2 Bxb3 26. Rxb3 Bxd4 27. Rxb6 Bxe3 28. Rxd5 Bxb6 0-1

[Event "Titled Tuesday intern op 23rd Nov"]
[Site "Chess.com INT"]
[Date "2021.11.23"]
[Round "3"]
[White "Beulen, Marcel"]
[Black "Sanudula, KM Dahamdi"]
[Result "1-0"]
[WhiteElo "2359"]
[BlackElo "1717"]
[PlyCount "51"]
[EventDate "2021.11.23"]
[EventType "swiss (blitz)"]
[EventRounds "11"]
[EventCountry "USA"]
[SourceTitle "CBM 205 Extra"]
[Source "ChessBase"]
[SourceDate "2022.01.31"]
[SourceVersion "1"]
[SourceVersionDate "2022.01.31"]
[SourceQuality "1"]

1. e4 d5 2. exd5 Qxd5 3. Nc3 Qa5 4. Bc4 Nf6 5. Nge2 Bg4 6. 0-0 c6 7. d3 e6 8. f3 Bh5 9. Ng3 Bg6 10. f4 Be7 11. f5 exf5 12. Qe2 Qc7 13. Nxf5 Bxf5 14. Rxf5 0-0 15. Bg5 Qb6+ 16. Kh1 Qxb2 17. Raf1 Qxc3 18. Qxe7 Nbd7 19. h3 Rae8 20. Qd6 Re1 21. Bb3 Rxf1+ 22. Rxf1 h6 23. Bh4 g5 24. Bf2 a5 25. Bd4 Qb4 26. Qxb4 1-0

[Event "Titled Tuesday intern op 23rd Nov"]
[Site "Chess.com INT"]
[Date "2021.11.23"]
[Round "6"]
[White "Beulen, Marcel"]
[Black "Vlassov, Nikolai"]
[Result "0-1"]
[WhiteElo "2359"]
[BlackElo "2294"]
[PlyCount "104"]
[EventDate "2021.11.23"]
[EventType "swiss (blitz)"]
[EventRounds "11"]
[EventCountry "USA"]
[SourceTitle "CBM 205 Extra"]
[Source "ChessBase"]
[SourceDate "2022.01.31"]
[SourceVersion "1"]
[SourceVersionDate "2022.01.31"]
[SourceQuality "1"]

1. e4 Nc6 2. Nf3 d5 3. exd5 Qxd5 4. Nc3 Qa5 5. Bb5 Bd7 6. 0-0 a6 7. Ba4 Nf6 8. Re1 Qh5 9. Bxc6 Bxc6 10. Ne5 Qxd1 11. Rxd1 Bd5 12. Nxd5 Nxd5 13. d3 e6 14. Bd2 Be7 15. c3 0-0 16. d4 Rfd8 17. Kf1 Rac8 18. Ke2 c5 19. dxc5 Bxc5 20. g3 Kf8 21. Nd3 Be7 22. Nf4 Nb6 23. Be1 Na4 24. Rxd8+ Bxd8 25. Rb1 Bf6 26. Kd3 b5 27. Ne2 Ke7 28. b3 Nc5+ 29. Kc2 Ne4 30. Rd1 h5 31. f3 Ng5 32. Rd3 Rd8 33. h4 Rxd3 34. hxg5 Rxf3 35. gxf6+ Kxf6 36. c4 bxc4 37. bxc4 g5 38. Bc3+ Ke7 39. c5 h4 40. gxh4 gxh4 41. Be5 f6 42. Bd6+ Kd7 43. Nd4 Rf2+ 44. Kb3 h3 45. Bg3 h2 46. c6+ Kc8 47. Bxh2 Rxh2 48. Nxe6 f5 49. a4 Re2 50. Nd4 Re3+ 51. Kc4 f4 52. Kc5 f3 0-1

[Event "Titled Tuesday intern op 23rd Nov"]
[Site "Chess.com INT"]
[Date "2021.11.23"]
[Round "4"]
[White "Padmini, Rout"]
[Black "Beulen, Marcel"]
[Result "1-0"]
[WhiteElo "2353"]
[BlackElo "2359"]
[PlyCount "89"]
[EventDate "2021.11.23"]
[EventType "swiss (blitz)"]
[EventRounds "11"]
[EventCountry "USA"]
[SourceTitle "CBM 205 Extra"]
[Source "ChessBase"]
[SourceDate "2022.01.31"]
[SourceVersion "1"]
[SourceVersionDate "2022.01.31"]
[SourceQuality "1"]

1. d4 d5 2. c4 c6 3. cxd5 cxd5 4. Nc3 Nf6 5. Nf3 Nc6 6. Bg5 Ne4 7. e3 Nxg5 8. Nxg5 e5 9. Nf3 exd4 10. Nxd4 Bc5 11. Nxc6 bxc6 12. Bd3 0-0 13. 0-0 Qe7 14. Rc1 Bd6 15. Qh5 g6 16. Qh6 Be5 17. Na4 Bg7 18. Qf4 Bd7 19. b3 a5 20. Nb6 Rab8 21. Qc7 Rfd8 22. Nxd7 Qxd7 23. Qxd7 Rxd7 24. Rxc6 d4 25. e4 a4 26. Rb1 axb3 27. axb3 Be5 28. g3 g5 29. Kg2 Kg7 30. Rc5 f6 31. b4 Rc7 32. Rxc7+ Bxc7 33. b5 Bb6 34. Rc1 Kf7 35. Rc6 Ke7 36. f4 h6 37. Kf3 Rb7 38. e5 fxe5 39. fxe5 Bc7 40. Ke4 Kd7 41. Rxh6 Rb6 42. Rh7+ Kd8 43. Kd5 g4 44. Rh4 Re6 45. Kxe6 1-0